Hasretinden prangalar eskittim (Record no. 4007)

MARC details
000 -BAŞLIK
Sabit Uzunlukta Kontrol Alanı 00640na a2200241 4500
001 - KONTROL NUMARASI
Denetim Alanı 15930
003 - KONTROL NUMARASI IDENTIFIER
Denetim Alanı MIRAKIL
005 - SON İŞLEM TARİHİ VE ZAMANI
Denetim Alanı 20181213154950.0
008 - SABİT-BOY VERİ ELEMANLARI - GENEL BİLGİLER
Sabit Uzunlukta Kontrol Alanı 161001b tu 000 0
035 ## - SİSTEM KONTROL NUMARASI
Sistem Kontrol Numarası 15930
040 ## - KATALOGLAMA KAYNAK
Orijinal Kataloglama Ajansı Milas
Kataloglama Dili tur
Metne Dönüştürmek Ajansı TR-AnCHP
082 ## - DEWEY ONLU SINIFLANDIRMA NUMARASI
Sınıflandırma Numarası 811.42
Ürün Numarası A65h 1971
090 ## - SINIFLAMA NUMARASI
Sınıflama Numarası 811.42 A65h 1971
100 ## - ANA GİRİŞ - KİŞİSEL İSİM
Kişisel Ad Arif, Ahmet
245 ## - BAŞLIK TABLOSU
Başlık Hasretinden prangalar eskittim
Sorumluluk Tablosu, Vb Ahmet Arif
260 ## - YAYIN, DAĞITIM, VB
Yayın, Dağıtım, Vb Yeri İstanbul
Yayıncı, Dağıtıcı, Vs Adı Cem yayınevi
Yayın, Dağıtım, Vb Tarihi 1971
300 ## - FİZİKSEL TANIM
Kapsam 94 s.
Boyutlar 19 sm.
440 ## - SERİSİ TABLOSU / KATMA GİRİŞİ - BAŞLIK
Başlık Türk sanatçılar dizisi
Hacim / Ardışık Tanımı 24
490 ## - SERİSİ TABLOSU
Seri Beyanı Şiir dizisi
Hacim / Ardışık Tanımı 2
650 ## - KONU KATMA GİRİŞ - TOPİKAL DÖNEM
Topikal Süreli Veya Coğrafi Ad Giriş Elemanı Türk edebiyatı
Genel Alt Bölümü Şiirler
650 ## - KONU KATMA GİRİŞ - TOPİKAL DÖNEM
Topikal Süreli Veya Coğrafi Ad Giriş Elemanı Türkçe şiir
942 ## - EKLENDİ GİRİŞ ELEMANLARI (KOHA)
Sınıflandırma Veya Raf Düzeni Kaynak Dewey Decimal Classification
Koha Öğesi Türü Books
999 ## - SİSTEM KONTROL NUMARALARI (KOHA)
Koha Biblionumber 4007
Koha Biblioitemnumber 4007
Holdings
Kalıcı Konum Mevcut Konum Edinme Tarihi Edinim Kaynak Toplam Check-Out'Lar Tam Çağrı Numarası Barkod Tarih Son Görülme İtibaren Geçerli Fiyatlar Koha Öğesi Türü
CHP Kütüphanesi CHP Kütüphanesi 09/27/2016 Bağış   811.42 A65h 1971 004250 09/27/2016 09/27/2016 Books